trouver le youtubeur niveau expert - Statistiques

Statistiques générales
  • Ce quiz a été pris 370 fois
  • Le résultat moyen est 24 sur 40
Statistiques - réponses
Par images Réponse % Correct
Squeezie
99%
Michou
98%
Cyprien
97%
Joyca
97%
Carlito
96%
Tibo Inshape
95%
Mcfly
94%
Inoxtag
93%
Norman
92%
Gotaga
91%
Natoo
91%
djilsi
88%
Aminematue
87%
Hugo Décrypte
85%
RebeuDeter
83%
Doigby
80%
Lena Situations
80%
Locklear
75%
Hugo Posay
74%
Samuel Etienne
72%
Juju fitcats
70%
Ninja
59%
Hélydia
53%
Greg MMA
51%
Cortex
47%
Polo
47%
Jbzz
34%
Kinstaar
34%
Moman
33%
Fuze 3
31%
Chelxie
28%
Wartek
25%
Digidix
24%
Diablox9
23%
Julia Bayonneta
15%
MrLev12
13%
Ganginou
6%
Juliette arz
6%
StudioKoco
6%
Vause
3%
Aucun quiz correspondant
Distribution des résultats
% des personnes avec chaque résultat
Percentile par nombre de réponses
Votre historique - résultats
Vous n’avez pas pris ce quiz